000 00581nam a2200217Ia 4500
999 _c36445
_d36445
001 2360
003 GE_BSU
005 20221027103832.0
008 181216s2008az xx |||||||||||||| ||aze||
020 _a5874591079
040 _cGE_BSU
041 _aaze
080 _a32(479.24) A-36
100 _aAliev,Haydar.
_915569
245 _aNaxgivan qarnizonunda. (birinci kitab-albom) /
_cHaydar Aliev.
264 _c2008.
300 _a187 c.:
653 _aNaxgivan qarnizonunda.
653 _aნახგივანის გარნიზონში.
942 _cBK
_2udc